LEADER 03757nam 22006972 450 001 9910789485703321 005 20240112113121.0 010 $a0-511-69974-3 010 $a1-107-20577-8 010 $a0-511-63292-4 010 $a0-511-63171-5 010 $a1-282-33667-3 010 $a0-511-63507-9 010 $a0-511-63412-9 010 $a9786612336676 010 $a0-511-63463-3 010 $a0-511-63552-4 035 $a(PPN)274474123 035 $a(CKB)3460000000022192 035 $a(SSID)ssj0000295067 035 $a(PQKBManifestationID)11278037 035 $a(PQKBTitleCode)TC0000295067 035 $a(PQKBWorkID)10312715 035 $a(PQKB)11141004 035 $a(MiAaPQ)EBC461122 035 $a(Au-PeEL)EBL461122 035 $a(CaPaEBR)ebr10349747 035 $a(CaONFJC)MIL233667 035 $a(OCoLC)502012512 035 $a(UkCbUP)CR9780511635526 035 $a(EXLCZ)993460000000022192 100 $a20090923d2009|||| uy| 0 101 0 $aeng 135 $aur||||||||||| 181 $ctxt$2rdacontent 182 $cc$2rdamedia 183 $acr$2rdacarrier 200 14$aThe empire project $ethe rise and fall of the British world-system, 1830-1970 /$fJohn Darwin$b[electronic resource] 210 1$aCambridge :$cCambridge University Press,$d2009. 215 $a1 online resource (xiii, 800 pages) $cdigital, PDF file(s) 300 $aTitle from publisher's bibliographic system (viewed on 05 Oct 2015). 311 $a0-521-30208-0 311 $a0-521-31789-4 320 $aIncludes bibliographical references (p. [789]-794) and index. 327 $aIntroduction : the project of an empire -- Towards 'the sceptre of the world' : the elements of empire in the long nineteenth century -- Victorian origins -- The octopus power -- The commercial republic -- The Britannic experiment -- 'Un-British rule' in 'Anglo-India' -- The weakest link : Britain in South Africa -- The Edwardian transition -- 'The great liner is sinking' : the British world-system in the age of war -- The war for empire, 1914-1919 -- Making imperial peace, 1919-1926 -- Holding the centre, 1927-1937 -- The strategic abyss, 1937-1942 -- The price of survival, 1943-1951 -- The third world power, 1951-1959 -- Reluctant retreat, 1959-1968. 330 $aThe British Empire, wrote Adam Smith, 'has hitherto been not an empire, but the project of an empire' and John Darwin offers a magisterial global history of the rise and fall of that great imperial project. The British Empire, he argues, was much more than a group of colonies ruled over by a scattering of British expatriates until eventual independence. It was, above all, a global phenomenon. Its power derived rather less from the assertion of imperial authority than from the fusing together of three different kinds of empire: the settler empire of the 'white dominions'; the commercial empire of the City of London; and 'Greater India' which contributed markets, manpower and military muscle. This unprecedented history charts how this intricate imperial web was first strengthened, then weakened and finally severed on the rollercoaster of global economic, political and geostrategic upheaval on which it rode from beginning to end. 606 $aImperialism$xHistory 606 $aDecolonization$xHistory 607 $aGreat Britain$xColonies$xHistory 607 $aCommonwealth countries$xHistory 607 $aGreat Britain$xCivilization 615 0$aImperialism$xHistory. 615 0$aDecolonization$xHistory. 676 $a909/.09241081 700 $aDarwin$b John$0324675 801 0$bUkCbUP 801 1$bUkCbUP 906 $aBOOK 912 $a9910789485703321 996 $aThe empire project$93675977 997 $aUNINA LEADER 05745nam 2200721 450 001 9910787288103321 005 20230126212323.0 010 $a90-272-6932-7 035 $a(CKB)3710000000270462 035 $a(EBL)1825435 035 $a(SSID)ssj0001368614 035 $a(PQKBManifestationID)12508242 035 $a(PQKBTitleCode)TC0001368614 035 $a(PQKBWorkID)11450030 035 $a(PQKB)10414180 035 $a(MiAaPQ)EBC1825435 035 $a(Au-PeEL)EBL1825435 035 $a(CaPaEBR)ebr10960632 035 $a(CaONFJC)MIL663019 035 $a(OCoLC)894170984 035 $a(EXLCZ)993710000000270462 100 $a20141107h20142014 uy 0 101 0 $aeng 135 $aur|n|---||||| 181 $ctxt 182 $cc 183 $acr 200 10$aPragmatics of tense and time in news $efrom canonical headlines to online news texts /$fJan Chovanec 210 1$aAmsterdam, Netherlands ;$aPhiladelphia, Pennsylvania :$cJohn Benjamins Publishing Company,$d2014. 210 4$dİ2014 215 $a1 online resource (310 p.) 225 1 $aPragmatics & Beyond New Series,$x0922-842X ;$vVolume 253 300 $aDescription based upon print version of record. 311 $a1-322-31737-2 311 $a90-272-5658-6 320 $aIncludes bibliographical references and index. 327 $aPragmatics of Tense and Time in News; Editorial page; Title page; LCC data; Table of contents; Preface; Acknowledgements; List of abbreviations; List of tables and figures; 1. Introduction; 1.1 Goals and objectives; 1.2 Approach; 1.3 Data; 1.4 Overview of chapters; Part I. Temporal deixis in print and online news; 2. Theoretical foundations; 2.1 Pragmatics; 2.2 Functionalism and Halliday's metafunctions; 2.3 Heteroglossia; 2.4 News discourse analysis; 3. Temporal deixis and news discourse; 3.1 Deixis and interaction; 3.2 Deictic centre; 3.3 Deictic projection 327 $a3.4 Deictic projection in news texts3.5 Time adverbials and shared temporal context; 3.6 Deictic and non-deictic time expressions; 3.7 Time expressions in news texts; 3.8 Deictic centres in print newspapers; 3.9 Pre-emptiveness of deictic time adverbials; 3.10 Modelling deictic projection in news texts; 3.11 Temporal deixis and tenses; 4. Temporal deixis in online newspapers; 4.1 Hypertextuality and the double textual level of online news; 4.2 Temporal anchorage points in online newspapers; 4.3 Temporal anchorage on the home page; 4.4 Temporal anchorage in article previews 327 $a4.5 Temporal anchorage on article web pages4.6 Hypertextuality and temporal mapping in online articles; 4.7 Temporal deixis and internal hyperlinks; Part II. Textual rhetoric of headlines; 5. Temporal deixis in headlines; 5.1 Material for analysis; 5.2 Headlines and the expression of time; 5.3 Adverbials of time in headlines; Absence of adverbials of time from headlines; Presence of adverbials of time in headlines; 5.4 Expressing the setting and location of the story; 5.5 Verbal tenses in headlines; 5.6 Tense in headlines in the data; 5.7 Headline conventions; Grammatical features 327 $aLexical featuresNon-linguistic features; 6. The present tense in headlines; 6.1 The defaultness of the present tense in news headlines; 6.2 Deictic and non-deictic tense; 6.3 Present time reference of the simple present tense; State present; Habitual present; Instantaneous present; 6.4 Past-time reference of the simple present tense; Semantics of the past-time reference of the present tense; Historic present; Tense as an evaluation device; Deictic centre projection; 6.5 Future time reference of the simple present tense; 6.6 Potential ambiguity of the simple present tense in headlines 327 $aManipulation of temporal deixis7. Other tenses in headlines; 7.1 Expressing futurity; To-future; Modal auxiliaries; Will-future; Lexically expressed future; 7.2 The present perfect; Headlines marking trends and changes; Heteroglossic headlines; Dual headlines; 7.3 The simple past tense: From heteroglossia to information flow management; The past tense in the non-authorial accessed voice; The past tense in the paper's authorial voice; The past tense as a marker of non-recency; The past tense, subordination and information flow; The past tense as a marker of accessed voice 327 $aOther uses of the simple past tense - the non-factive presupposition 330 $aThis book provides the first comprehensive account of temporal deixis in English printed and online news texts. Linking the characteristic usage of tenses with the projection of deictic centres, it notes how conventional tenses, particularly in headlines, are affected by heteroglossia arising from various accessed voices. The resulting tense shifts are interpreted pragmatically as a conventional reader-oriented strategy that creates the impression of temporal co-presence. It is argued that since different tense choices systematically correlate with the three main textual segments of news texts 410 0$aPragmatics & beyond ;$vVolume 253. 606 $aPragmatics$xData processing 606 $aMass media and language 606 $aMass media$xSocial aspects 606 $aSpeech acts (Linguistics) 606 $aInternet$xSocial aspects 615 0$aPragmatics$xData processing. 615 0$aMass media and language. 615 0$aMass media$xSocial aspects. 615 0$aSpeech acts (Linguistics) 615 0$aInternet$xSocial aspects. 676 $a070.401/41 700 $aChovanec$b Jan$01483949 801 0$bMiAaPQ 801 1$bMiAaPQ 801 2$bMiAaPQ 906 $aBOOK 912 $a9910787288103321 996 $aPragmatics of tense and time in news$93718687 997 $aUNINA